000 00301nam a22001217a 4500
020 _a8181891716
082 _a631.584
_bSIN/CO
100 _aSingh,A.K
_9361
245 _aConversion to Organic Agriculture
260 _aLucknow
_bInternational Book Distributing Co.
_c2007
300 _a412
942 _cBK
999 _c14270
_d14270